Los nuevos comportamientos amorosos : la pareja y las transgresiones sexuales /

Obra que analiza las razones psicológicas de las perversiones sexuales, a partir de estudios de caso donde se trataban de conciliar las emociones fuertes con la monogamia.

Spremljeno u:
Bibliografski detalji
Glavni autor: Pasini, Willy (autor)
Format: Knjiga
Jezik:španjolski
Izdano: Barcelona, España : Ares y Mares, 2005, c2005
Teme:
Oznake: Dodaj oznaku
Bez oznaka, Budi prvi tko označuje ovaj zapis!

MARC

LEADER 00000nam^a2200000^a^4500
001 000262119
005 20250521000000.0
009 20260310110531.152
020 |a 84-8432-640-3 
037 |a Acervo ITESO - Biblioteca 
041 |a ESP 
082 |a 305. 316  |b PAS 
100 |a Pasini, Willy  |e (autor) 
245 1 4 |a Los nuevos comportamientos amorosos :  |b la pareja y las transgresiones sexuales /  |c W. Pasini ; tr. por María Pons Irazazábal. 
264 4 |a Barcelona, España :  |b Ares y Mares,  |c 2005, c2005 
300 |a 285 p. 
336 |a texto  |b txt  |2 rdacontenido 
337 |a sin mediación  |b n  |2 rdamedio 
338 |a volumen  |b nc  |2 rdasoporte 
500 |a Traducción de: I nuovi comportamenti amorosi. Coppia e trasgressione 
520 |a Obra que analiza las razones psicológicas de las perversiones sexuales, a partir de estudios de caso donde se trataban de conciliar las emociones fuertes con la monogamia. 
649 |a XX 
650 |a Celos 
650 |a Adulterio 
650 |a Bisexualidad 
650 |a Intercambio de Parejas 
650 |a Sexo en Grupo 
650 |a Prácticas Sexuales -  |x Tema Principal 
650 |a Sexualidad -  |x Aspectos Psicológicos 
910 |a Fondo General 
920 |a Impresos - Libros 
930 |a Colección General 
905 |a 101 
901 |a 0500142959  |b IT1  |c ACC  |u 20250521 
901 |a 0500181194  |b IT1  |c ACC  |i C119989  |u 20250521 
902 |a https://opac.biblio.iteso.mx/vufind/Record/000262119